Statistiques concernant Drapeaux des pays avec plus de 100 millions de personnes

Cliquez ici pour prendre le quiz!

Statistiques générales

  • Ce quiz a été pris 4,948 fois
    (2,713 depuis la dernière actualisation)
  • Le résultat moyen est 12 sur 14

Statistiques - réponses

Answer % Correct
Japon
100%
Chine
99%
Brésil
99%
Etats-Unis
99%
Russie
96%
Inde
91%
Mexique
89%
Nigeria
84%
Égypte
83%
Pakistan
70%
Indonésie
67%
Bangladesh
65%
Philippines
58%
Éthiopie
58%

Distribution des résultats

Percentile by Number Answered

% des personnes avec chaque résultat

Votre développement - résultats

Vous n’avez pas pris ce quiz depuis la dernière actualisation